Hermann und Dorothea

Bibliographic Details
Main Author: Goethe, Johann Wolfgang von, 1749-1832 (Author)
Corporate Author: Eder, Štefan (Bratislava, Slovensko) (Printer)
Other Authors: Albrecht, Ján Evanjelista, 1852-1926 (Author of introduction, etc.)
Format: Book
Language:German
PhysicalDescription:88 s. 18 cm
Published: Pozsony Budapest Kiadja Stampfel Károly, cs. és kir. udvari és kir. akad. könyvkereskedő 1901
Subjects:

MARC

LEADER 00000nam a2200000 a 4500
001 vtls008870747
003 SK-MaSNL
005 20260301182931.0
008 180810s1901 o 000 f ger
040 |a SNK  |b slo  |c SNK  |e AACR2 
041 |a ger  |g hun 
044 |a xo  |c SK 
072 7 |a 821.112.2  |x Nemecká literatúra, nemecky písaná  |2 konspekt 
080 |a 821.112.2  |2 2011 
100 1 |a Goethe, Johann Wolfgang von,  |d 1749-1832  |4 aut  |9 104510 
245 1 0 |a Hermann und Dorothea  |c von Wolfgang von Goethe 
260 |a Pozsony  |a Budapest  |b Kiadja Stampfel Károly, cs. és kir. udvari és kir. akad. könyvkereskedő  |c 1901  |e Pozsonyban  |f Eder István könyvnyomdájából 
300 |a 88 s.  |c 18 cm 
500 |a Portrét autora za úvodom 
504 |a Rukopisné poznámky v texte a za textom 
508 |a Maďarský predslov napísal Ján Evanjelista Albrecht 
550 |a Tlačiar uvedený za textom 
561 |a Okrúhla pečiatka s textom "A szentgyörgyi Kath. Fögimnázium..." 
650 0 7 |a nemecká literatúra  |2 SNKPH  |9 1195 
655 7 |a eposy  |2 SNKPH  |9 86747 
700 1 |a Albrecht, Ján Evanjelista,  |d 1852-1926  |4 aui  |9 159101 
700 1 |a Stampfel, Karol,  |d 1856-1938  |4 pbl  |9 174791 
710 0 |a Eder, Štefan (Bratislava, Slovensko),  |d 1887-1934  |4 prt  |9 159161 
752 |a Slovensko  |d Bratislava 
752 |a Maďarsko  |d Budapešť 
852 |a SNK  |p SD 14858 
958 |a ONDV 
999 |c 855256  |d 857186 
952 |a SNK  |b SNK  |y PREZ  |7 0  |p 17A0527162  |o snkSD 14858  |i snkKSF 388/1958  |8 5  |3 rekatalogizácia  |0 0  |1 0  |4 0  |d 2006-10-26  |l 0  |r 2025-11-28 00:00:00  |w 2026-02-24